000 00519nam a2200181Ia 4500
005 20250326124526.0
008 250326s9999 xx 000 0 und d
037 _aTextbook
040 _aFMSL
_beng
_cFMSL
041 _aeng
_2eng
084 _aX:8 K94;2
_qFMSL
100 _aLawrence P R
_9736341
245 0 _aDevelopment organizations: diagnosis and action
_cLawrence P R
260 _aLondon
_bLondon, Addison-Wesley
_c1969
300 _a101p
942 _cTB
_hX:8 K94;2
999 _c1274054
_d1274054